00428 2200169 4500001002100000008004100021035002000062245004500082100001800127260002400145300002000169020002200189084001400211082000800225650001000233990001500243INLIS000000000003233 ind  a0010-1225000054 aPembunuhan di Rumah MiringcSoji Shimada aShimada, Soji aJakarta :bGramedia a400c13,5x20 cm a978-602-06-3844-7 a813 SHI p a813 aFiksi a19708/B/26